000 00762aam a2200277 i 4500
001 768714001
003 CO-MdFUSB
005 20251023124649.0
007 ta
008 251023t1965 mx |||| |||| 00| 0 spa d
040 _cCO-MdFUSB
041 0 _aspa
082 0 4 _223
_a252
_bL7329u
100 1 _aLimardo, Miguel
_eautor
245 1 0 _aUna pequeña nube :
_bsigno de justicia y de esperanza para una vida nueva
_c/ Miguel Limardo
264 1 _bLa Reforma,
_aRio Piedras, Puerto Rico :
_c[1965]
264 4 _c©1965
300 _a189 páginas
336 _atexto
_btxt
_2rdacontent
337 _2rdamedia
_asin mediación
_bn
338 _2rdacarrier
_avolumen
_bnc
563 _aRústico
650 7 _aSermones
_9283
942 _cBK
945 _aJTF-925
999 _c36480
_d36480